| 000 | 00766nam a2200265Ia 4500 | ||
|---|---|---|---|
| 003 | OSt | ||
| 005 | 20221007073126.0 | ||
| 006 | a|||||r|||| 00| 0 | ||
| 007 | ta | ||
| 008 | 221006b |||||||| |||| 00| 0 eng d | ||
| 020 | _a052003690 | ||
| 024 | _a24 | ||
| 037 | _cReference Collections | ||
| 040 |
_aFLL _cFLL _beng |
||
| 041 |
_2eng _aeng |
||
| 082 | _aD854:Z1, L9 | ||
| 100 |
_aGonigle R. Michael M _9691949 |
||
| 245 | 0 | _aPollution,Politics and the International Law | |
| 260 |
_aLos _bAngeles University of California London _c1979 |
||
| 300 |
_a394 _ccm. |
||
| 650 | _aEngineering | ||
| 700 | _a Zacher Mark W. | ||
| 942 |
_hD854:Z1, L9 _cREF _2CC |
||
| 999 |
_c1147741 _d1147741 |
||